000 00520nam a2200217Ia 4500
003 0100
008 130303s9999 xx 000 0 und d
040 _cARRUPELIB
050 _aBL51.L456 1963
100 _aLeeuw, G. Van Der
245 _aReligion in essence and manifestation
245 _ba study in phenomenology
260 _aNew York
260 _bHarper & Row
260 _C1963
300 _axiv
300 _b 714p. 21cm.
650 _aRELIGION
700 _aTurner , J.E. (tr.)
942 0 0 _01
999 _c43278
_d43278